[Event "FIDE Chesscom Online Nations Cup"]
[Site "Online"]
[Date "2020.05.08"]
[Round "7"]
[White "Nakamura, Hikaru"]
[Black "Nepomniachtchi, Ian"]
[Result "1-0"]
[WhiteElo "2829"]
[BlackElo "2778"]
[Annotator "TA"]
[PlyCount "125"]
[EventDate "2020.05.05"]
[EventType "team-tourn"]
[SourceTitle "playchess.com"]
[Source "ChessBase"]
[SourceQuality "1"]
[WhiteTeam "United States"]
[BlackTeam "Russia"]
[WhiteTeamCountry "USA"]
[BlackTeamCountry "RUS"]

{[%evp 9,125,15,18,17,42,30,72,18,15,16,11,9,13,6,10,0,0,0,4,1,0,0,0,0,0,0,0,0,2,0,0,0,0,0,4,8,28,25,57,58,70,75,86,86,86,69,86,50,75,47,80,82,74,74,85,0,35,0,43,39,39,42,85,82,89,86,87,92,86,97,95,97,246,246,242,231,486,362,281,139,421,421,546,494,614,600,546,282,535,463,1063,775,1708,1681,1583,1385,29944,29949,29941,29943,29948,29941,29944,4864,29962,29965,29965,29966,29969,29970,29968,29970,29969,29966,29975,29976,29978,29978]} 1. d4 Nf6 2. c4 g6 3. Nc3 d5 4. cxd5 Nxd5 5. Na4 {[#]} e5 $1 {[%mdl 512]} (5... Bf5 6. f3 Nb6 7. e4 Nxa4 8. Qxa4+ Bd7 9. Qb3 Bg7 10. Be3 O-O 11. d5 b6 12. Rd1 Qe8 13. Rd2 c6 14. Ne2 e6 15. dxc6 Nxc6 16. Qa3 Ne5 17. Nc3 b5 18. Qa6 b4 {½-½ (65) Nakamura,H (2754)-Nepomniachtchi,I (2775) Zagreb 2019}) 6. dxe5 {D85: Exchange Grünfeld: Unusual White 7th moves and lines with 7 Nf3.} Bb4+ 7. Bd2 Qe7 8. Nf3 (8. a3 $1 $16 {[%cal Ra3b4]} Bxd2+ 9. Qxd2) 8... Nc6 $11 9. a3 Bxd2+ 10. Qxd2 Nb6 11. Nxb6 axb6 12. Qf4 {[#]} O-O $146 ({Predecessor:} 12... Ra5 13. e3 Nxe5 14. Nxe5 Qxe5 15. Qxe5+ Rxe5 16. Rc1 Rc5 17. Rxc5 bxc5 18. Bc4 Ke7 {½-½ (26) Li,B (2396)-Tiglon,B (2368) Orlando 2019}) 13. e3 Ra5 14. Be2 Nxe5 15. O-O Bg4 16. Rfd1 Nxf3+ 17. Bxf3 Bxf3 18. Qxf3 c6 19. Rd4 Rd8 20. Rad1 Rxd4 21. Rxd4 {[%mdl 4096] Endgame KQR-KQR} Rb5 22. b4 Rf5 23. Qd1 c5 24. Rd7 $36 {[%mdl 2048] White has the initiative.} Qf6 25. f4 $1 cxb4 26. axb4 {Hoping for g4.} Qc3 27. Kf2 {Rd8+ is the strong threat.} Rf6 28. Qe1 Qb2+ 29. Rd2 Qe5 30. Rd8+ Kg7 31. Qd2 Qa1 32. h4 (32. Qd4 $16 Qxd4 33. Rxd4) 32... Rc6 33. Kg3 Qc3 34. Qd4+ Qxd4 35. Rxd4 $14 {KR-KR} h5 36. Kf3 Rc1 37. Rd6 Rc6 {[#]} 38. Rd5 $1 Rc4 39. Rb5 Rc6 40. f5 f6 (40... gxf5 $16 {was necessary.} 41. Rxf5 Rc4) 41. fxg6 $18 Kxg6 42. e4 Re6 $2 (42... Rc1 43. Rxb6 Rf1+ 44. Ke3 Re1+ 45. Kf4 Rf1+ 46. Kg3 Re1) 43. g3 Rc6 44. Ke3 (44. g4 $18 {and White stays clearly on top.}) 44... Rc3+ $2 {[%mdl 8192] This costs Black the game.} (44... Rd6 $16 45. Ke2 Kh6) 45. Kf4 Rc6 {[#]} 46. g4 $1 hxg4 47. Kxg4 Re6 48. Kf3 Rc6 $2 (48... Re8 {was called for.} 49. Rxb6 Re7) 49. Kf4 Re6 (49... Kf7 $142 50. Kf5 Rc1 51. Rxb6 {[%mdl 64] Double Attack} Rf1+ 52. Kg4 Re1) 50. h5+ Kh6 51. Rd5 Rc6 52. Kf5 Rc4 53. b5 Rb4 54. Kxf6 Rxe4 55. Re5 Rc4 56. Ke7 Kh7 57. Re6 {White mates.} Rc5 58. Rxb6 Rxh5 59. Rxb7 Kg6 60. Rb8 Kf5 61. Kd6 Ke4 62. b6 Kd4 63. Rd8 {Accuracy: White = 80%, Black = 50%.} 1-0

[Event "FIDE Chesscom Online Nations Cup"]
[Site "Online"]
[Date "2020.05.08"]
[Round "7"]
[White "Aronian, Levon"]
[Black "Wei, Yi"]
[Result "1/2-1/2"]
[WhiteElo "2778"]
[BlackElo "2752"]
[Annotator "TA"]
[PlyCount "124"]
[EventDate "2020.05.05"]
[EventType "team-tourn"]
[SourceTitle "playchess.com"]
[Source "ChessBase"]
[SourceQuality "1"]
[WhiteTeam "Europe"]
[BlackTeam "China"]
[WhiteTeamCountry "ARM"]
[BlackTeamCountry "CHN"]

{[%evp 9,124,0,0,-6,-8,-8,-4,0,-6,-4,-14,-24,-24,-24,-17,-18,-26,-20,-18,-26,-9,0,0,0,0,-2,-8,-10,4,4,10,5,12,0,5,5,1,0,9,4,21,20,19,18,13,6,59,55,28,28,62,66,50,66,60,56,56,43,68,29,45,0,0,6,16,0,0,0,0,0,9,0,0,11,11,7,11,0,27,0,0,0,0,0,0,0,0,0,0,0,0,0,0,0,0,0,0,0,0,-1041,0,0,0,0,0,0,0,0,0,0,0,0,0,0,0,0,0]} 1. e4 c5 2. Nf3 Nc6 3. Bb5 g6 4. c3 Nf6 5. Qe2 Bg7 6. d4 {B31: Sicilian: 2...Nc6 3 Bb5 g6.} cxd4 7. cxd4 O-O 8. d5 a6 {And now ...Qa5+ would win.} 9. Bd3 Nb4 {[#]} 10. Bd2 $146 ({Predecessor:} 10. Bc4 e6 11. dxe6 dxe6 12. O-O b5 13. Bb3 Qd3 14. Re1 Bb7 15. Nc3 Qxe2 16. Rxe2 {0-1 (43) Shuvalova,P (2212)-Nechaev,O (2329) Sochi 2015}) 10... Nxd3+ 11. Qxd3 d6 12. O-O e6 13. dxe6 Bxe6 14. Re1 Nd7 15. Nc3 Ne5 16. Nxe5 dxe5 17. Nd5 f5 18. f3 $1 fxe4 19. fxe4 Bxd5 20. exd5 Qd6 21. Qb3 Rfd8 22. Bg5 Rd7 23. Rad1 h6 24. Be3 Rc8 25. Bb6 Kh7 26. a4 Rf8 27. a5 Rdf7 (27... Rf4 $11) 28. Rc1 $14 Re8 29. Re4 Rf4 30. Qd3 Rf7 31. b4 Rd7 32. h3 h5 33. Rec4 Bh6 34. Rf1 Bf4 35. Re4 Rc8 $1 36. g3 Bh6 37. Bc5 Qxd5 38. Qxd5 Rxd5 39. Rf7+ Kg8 $132 {[%mdl 2048] Black is not holding back} 40. Rxb7 Bf8 $1 41. Bxf8 Rxf8 $11 {[%mdl 4096] Endgame KRR-KRR} 42. Re2 Rd3 43. Kh2 e4 44. Rb6 Kg7 45. Rxa6 Rff3 46. Re6 Rxg3 47. a6 Rxh3+ 48. Kg1 Ra3 49. b5 Rhb3 50. Rb6 h4 51. Rb7+ Kh6 52. a7 ({Of course not} 52. Rxe4 Rb1+ 53. Kf2 h3 $17) 52... Rg3+ 53. Rg2 {Black must now prevent Rxg3.} Rh3 {( -> ...Ra1+)} 54. Rg4 $2 {[%mdl 8192] [#]} (54. Rc2 $11) 54... Kh5 $2 ({Better is} 54... Ra1+ $1 $19 55. Kg2 Re3) 55. Rxe4 {b6 is the strong threat.The position is equal.} Rag3+ 56. Kf1 Rh1+ 57. Ke2 Rh2+ 58. Kd1 Ra3 {[%cal Ra3a1] [#]} 59. Rxh4+ $1 Rxh4 (59... Kxh4 $5 60. Rh7+ $8 Kg4 61. Rxh2 Rxa7 $11) 60. Rh7+ Kg5 61. Rxh4 Rxa7 (61... Kxh4 $5 62. b6 $8 g5 $18) 62. Rb4 Kf6 {Accuracy: White = 92%, Black = 92%.} 1/2-1/2

[Event "FIDE Chesscom Online Nations Cup"]
[Site "Online"]
[Date "2020.05.08"]
[Round "7"]
[White "Artemiev, Vladislav"]
[Black "Caruana, Fabiano"]
[Result "1/2-1/2"]
[WhiteElo "2769"]
[BlackElo "2773"]
[Annotator "TA"]
[PlyCount "95"]
[EventDate "2020.05.05"]
[EventType "team-tourn"]
[SourceTitle "playchess.com"]
[Source "ChessBase"]
[SourceQuality "1"]
[WhiteTeam "Russia"]
[BlackTeam "United States"]
[WhiteTeamCountry "RUS"]
[BlackTeamCountry "USA"]

{[%evp 11,95,-14,6,2,7,-24,-28,-18,16,11,23,12,27,0,16,4,27,-12,0,-2,-7,-28,-19,-18,-18,-26,7,0,0,0,0,0,17,0,27,18,60,28,31,29,36,31,20,20,20,20,20,12,22,0,23,27,27,19,4,10,25,0,0,0,16,0,27,27,27,27,27,0,0,0,0,0,0,0,0,0,0,0,0,0,0,0,0,0,0,0]} 1. d4 d5 2. Nf3 Nf6 3. Bg5 Ne4 4. Bf4 Bf5 5. e3 e6 6. Nbd2 Bd6 (6... g5 {feels hotter.} 7. Nxe4 gxf4 8. Nc3 fxe3 9. fxe3 Rg8) 7. Nxe4 {D03: 1 d4 d5 2 Nf3 Nf6 3 Bg5, including Torre Attack with early ...d5.} Bxe4 8. Bd3 Bxf4 9. exf4 {[#] Black has an edge.} Bxf3 $146 ({Predecessor:} 9... Qd6 10. Bxe4 dxe4 11. Ne5 O-O 12. Qd2 f6 13. Nc4 Qa6 14. Qe2 Nd7 15. Nd2 Qxe2+ 16. Kxe2 {½-½ (29) Krivosheev,V (2159)-Zuev,A (2052) Uljanovsk 2007}) 10. Qxf3 g6 11. h4 h5 12. O-O-O Qd6 13. Rhe1 Nc6 14. Bb5 O-O-O 15. Re3 Ne7 16. Ra3 Kb8 17. g3 Rc8 18. Qc3 c6 19. Bd3 {next Qa5 is good for White.} Rc7 20. b4 Nc8 21. Kd2 Qd7 22. Re1 Nd6 23. Rb3 Kc8 24. a4 Kd8 25. a5 b6 26. axb6 axb6 27. Ra3 Ke7 28. Ra6 Rb8 29. Ke2 Nb5 30. Qa1 Kf6 31. Kf1 Kg7 32. Qb2 Ra7 33. Rxa7 Qxa7 34. Ra1 Qc7 35. Kg1 Nd6 36. Qc3 Rd8 37. Ra6 Qb7 38. Qe1 Kg8 39. Qe5 Nc4 {The position is equal.} 40. Bxc4 dxc4 $11 {[%mdl 4096] Endgame KQR-KQR} 41. Ra1 Ra8 42. Rxa8+ Qxa8 {KQ-KQ} 43. Qd6 Qa4 44. Qb8+ Kg7 45. Qe5+ Kg8 46. Qb8+ Kg7 47. Qe5+ Kg8 48. Qb8+ {Accuracy: White = 83%, Black = 86%.} 1/2-1/2

[Event "FIDE Chesscom Online Nations Cup"]
[Site "Online"]
[Date "2020.05.08"]
[Round "7"]
[White "Anand, Viswanathan"]
[Black "Radjabov, Teimour"]
[Result "1-0"]
[WhiteElo "2751"]
[BlackElo "2758"]
[Annotator "TA"]
[PlyCount "73"]
[EventDate "2020.05.05"]
[EventType "team-tourn"]
[SourceTitle "playchess.com"]
[Source "ChessBase"]
[SourceQuality "1"]
[WhiteTeam "India"]
[BlackTeam "World"]
[WhiteTeamCountry "IND"]
[BlackTeamCountry "AZE"]

{[%evp 18,73,53,51,66,62,74,51,52,56,76,63,79,70,85,74,74,61,64,73,69,68,51,68,101,67,96,95,89,90,91,91,97,85,82,80,91,19,21,41,181,181,181,181,181,181,180,180,175,182,185,181,722,712,723,710,687,659]} 1. d4 Nf6 2. c4 g6 3. Nc3 Bg7 4. e4 d6 5. Nf3 O-O 6. Be2 e5 7. O-O Nc6 8. d5 Ne7 9. b4 a5 10. bxa5 Nh5 {E97: King's Indian: Classical Main Line (6...e5 7 0-0 Nc6): 8 Be3 and 8 d5 Ne7, not 9 Ne1.} 11. Nd2 {[#]} Rxa5 $146 ({Predecessor:} 11... Nf4 12. c5 f5 13. cxd6 cxd6 14. Nc4 fxe4 15. Be3 Nf5 16. Nxe4 Nh4 17. Bb6 Qd7 18. Ne3 {1-0 (53) Gofshtein,L (2513)-Stellwagen,D (2384) Hoogeveen 2001}) 12. Nb3 Ra8 {White is slightly better.} 13. Bxh5 gxh5 14. Qxh5 b6 15. a4 Ng6 16. a5 Nf4 17. Bxf4 exf4 18. Qf3 bxa5 19. Rxa5 Rxa5 20. Nxa5 Qg5 21. Ne2 Be5 {[#]} 22. h3 $1 Bd7 23. Nb3 Ra8 24. Nbd4 Kh8 25. Rb1 h6 26. Kh1 Kh7 27. Nc6 (27. Rg1 $16) 27... Bxc6 $1 $11 28. dxc6 Ra2 {Loses the game.} (28... Kg7 $14) 29. g3 $18 fxg3 {And now ...Rxe2! would win.} 30. Qxf7+ Qg7 31. Qf5+ Qg6 32. Nxg3 {Strongly threatening Rb7!} Qxf5 33. Nxf5 {aiming for Rb7.} Ra6 {[#]} 34. Ne7 $1 {Hoping for Rb7.} Kg7 $2 (34... Bf6) 35. Rb7 {White is clearly winning.} Kf7 36. Rxc7 d5 37. Rd7 {Accuracy: White = 87%, Black = 74%.} 1-0

[Event "FIDE Chesscom Online Nations Cup"]
[Site "Online"]
[Date "2020.05.08"]
[Round "7"]
[White "So, Wesley"]
[Black "Karjakin, Sergey"]
[Result "1/2-1/2"]
[WhiteElo "2741"]
[BlackElo "2709"]
[Annotator "TA"]
[PlyCount "150"]
[EventDate "2020.05.05"]
[EventType "team-tourn"]
[SourceTitle "playchess.com"]
[Source "ChessBase"]
[SourceQuality "1"]
[WhiteTeam "United States"]
[BlackTeam "Russia"]
[WhiteTeamCountry "USA"]
[BlackTeamCountry "RUS"]

{[%evp 9,150,20,22,9,13,10,11,8,12,11,19,11,20,23,19,0,-13,-22,0,-14,-1,-12,0,-42,-11,-22,-21,-33,0,0,0,-37,-32,-31,-20,-67,-58,-37,-22,-45,-51,-43,-47,-45,-13,-19,-21,-21,-10,-10,-5,-7,-11,-12,-7,-12,-12,-45,-28,-28,-27,-53,-45,-75,-35,-36,-28,-40,-22,-45,-44,-45,-38,-43,-47,-50,0,0,0,0,0,0,0,0,0,0,0,0,0,0,0,0,0,0,0,0,0,0,0,0,0,0,0,0,0,0,0,0,0,0,0,0,0,0,0,0,0,0,0,0,0,0,0,0,0,0,0,0,0,0,0,0,0,0,0,0,0,0,0,0,0,0,0]} 1. e4 e5 2. Nf3 Nc6 3. Bb5 Nf6 4. d3 Bc5 5. Bxc6 dxc6 6. Nbd2 {C65: Ruy Lopez: Berlin Defence (3...Nf6), unusual lines and 4 0-0 Bc5.} Nd7 7. Nc4 f6 $1 {[%mdl 4] is recently more successful than 7...0-0. Played by Alireza Firouzja in March 2020.} 8. O-O O-O 9. c3 Re8 10. d4 exd4 11. cxd4 Bf8 12. Re1 (12. Qb3 {keeps more tension.} Kh8 13. Re1 Nb6 14. Na5 c5 15. dxc5 Bxc5 16. Be3) 12... Nb6 {[#]} 13. b3 $146 ({Predecessor:} 13. Nxb6 axb6 14. h3 Be6 15. a3 Bf7 16. Bf4 Qd7 17. Qc2 Bd6 18. Bxd6 cxd6 19. Re3 {½-½ (44) Nepomniachtchi,I (2773)-So,W (2760) Kolkata 2019}) 13... Be6 14. Qd3 Qd7 15. Bb2 Rad8 16. Rad1 Qf7 {[%cal Rb6c4]} 17. Na5 Bc8 18. Nc4 Be6 {[%cal Rb6c4]} 19. Na5 Bc8 20. Nc4 c5 21. Nxb6 axb6 22. Qe3 cxd4 23. Nxd4 Qg6 24. f3 Qh5 25. Qe2 Bd6 26. g4 Qh3 27. Qg2 Qxg2+ 28. Kxg2 Be5 29. Bc3 c6 30. Ne2 Bc7 31. h4 Kf7 32. h5 b5 33. Ng3 Rxd1 34. Rxd1 Be6 35. Nf5 Ra8 36. Rd2 Bf4 37. Rc2 g6 38. Ng3 c5 39. Ne2 Bd6 40. hxg6+ hxg6 41. Be1 b4 42. Bg3 Ke7 43. Bxd6+ {The position is equal.} Kxd6 $11 {[%mdl 4096] Endgame KRB-KRN} 44. Nf4 Bf7 45. Nd3 b6 46. f4 Ke7 47. g5 Be6 48. Kf3 Rh8 49. gxf6+ Kxf6 50. Nf2 Rd8 51. Ng4+ Bxg4+ 52. Kxg4 {KR-KR} Rd1 53. e5+ Ke6 54. Rg2 b5 55. Kg5 Rf1 {Threatening ...c4.} 56. Rc2 Rg1+ 57. Kh6 Rg4 58. Rxc5 {[#] Black must now prevent Rc6+.} Rxf4 59. Rxb5 Rg4 60. Ra5 Rg2 61. Kg7 Rg3 62. Kh7 Rg2 (62... g5 {is interesting.} 63. Rb5 Rg2 64. Kg6 g4 65. Rxb4 Rxa2 66. Rxg4) 63. Kh6 Rg3 64. Ra4 Rg2 65. Ra5 Rg3 66. Kg7 Rg2 67. Kh7 Rg3 (67... Rg4 {is more complex.} 68. Kg7 Rg2) 68. Ra4 Rg2 69. Rxb4 {a4 is the strong threat.} Rxa2 70. Re4 Ra5 71. Kxg6 (71. Re2 {keeps more tension.} Rb5 72. Kxg6) 71... Rxe5 72. Rxe5+ Kxe5 73. Kh7 Kd4 74. b4 Kc4 75. Kh8 Kxb4 {Accuracy: White = 92%, Black = 93%.} 1/2-1/2

[Event "FIDE Chesscom Online Nations Cup"]
[Site "Online"]
[Date "2020.05.08"]
[Round "7"]
[White "Yu, Yangyi"]
[Black "Duda, Jan-Krzysztof"]
[Result "1-0"]
[WhiteElo "2738"]
[BlackElo "2774"]
[Annotator "TA"]
[PlyCount "67"]
[EventDate "2020.05.05"]
[EventType "team-tourn"]
[SourceTitle "playchess.com"]
[Source "ChessBase"]
[SourceQuality "1"]
[WhiteTeam "China"]
[BlackTeam "Europe"]
[WhiteTeamCountry "CHN"]
[BlackTeamCountry "POL"]

{[%evp 13,67,0,1,0,0,0,0,-2,0,0,8,11,11,0,0,1,-4,-7,64,51,63,58,72,27,75,78,160,145,301,275,348,343,352,357,373,346,491,484,500,508,489,447,6813,6797,29988,29989,29989,29987,29987,29988,29990,29991,29996,29997,29997,-121]} 1. d4 Nf6 2. c4 e6 3. Nc3 Bb4 4. e3 O-O 5. Nge2 Re8 6. a3 Bf8 7. Ng3 d5 8. Be2 {E46: Nimzo-Indian: Rubinstein: 4 e3 0-0 5 Ne2 without early Bd3.} b6 9. O-O Bb7 10. cxd5 {The position is equal.} exd5 11. b4 Nbd7 12. Qb3 c6 13. f3 $5 {[%mdl 4] A promising side line.} a5 {Threatens to win with ...axb4.} 14. Rb1 {[#]} b5 $146 ({Predecessor:} 14... axb4 15. axb4 b5 16. e4 Qb6 17. exd5 Nxd5 18. Nxd5 cxd5 19. Qd3 Ne5 20. Qd2 Nc4 21. Bxc4 dxc4 {0-1 (59) Flear,G (2445)-Cornette,M (2548) Saint Affrique 2019}) 15. e4 Nb6 ({Black should try} 15... axb4 $11 16. axb4 Nb6) 16. e5 $1 $14 Nfd7 17. f4 Nc4 18. Kh1 Qb6 19. Qd1 Nb8 (19... Kh8 $142) 20. f5 Na6 $2 {This costs Black the game.} (20... Qd8 $16) 21. Bxc4 $18 dxc4 22. Qg4 Red8 {[%cal Ra5b4]} 23. Be3 axb4 24. axb4 Nxb4 {[#]} (24... Nc7 {is a better defense.} 25. e6 f6) 25. Rxb4 $1 {[%mdl 512]} Ra3 ({Not} 25... Bxb4 26. Nh5 $18) 26. Nge4 Rxc3 27. Nxc3 Bxb4 (27... Qa5 $142 28. e6 Qxb4) 28. Bh6 {[%csl Gh6][%cal Rg4g7]} g6 29. fxg6 {White mates.} hxg6 30. e6 Qxd4 31. Ne4 Qd3 32. exf7+ Kh7 33. Ng5+ Kh8 {[#]} 34. Bg7+ $1 {[%mdl 33344] Decoy. Accuracy: White = 96%, Black = 54%. . Loss on time!?} 1-0

[Event "FIDE Chesscom Online Nations Cup"]
[Site "Online"]
[Date "2020.05.08"]
[Round "7"]
[White "Firouzja, Alireza"]
[Black "Vidit, Santosh Gujrathi"]
[Result "1-0"]
[WhiteElo "2703"]
[BlackElo "2636"]
[Annotator "TA"]
[PlyCount "119"]
[EventDate "2020.05.05"]
[EventType "team-tourn"]
[SourceTitle "playchess.com"]
[Source "ChessBase"]
[SourceQuality "1"]
[WhiteTeam "World"]
[BlackTeam "India"]
[BlackTeamCountry "IND"]

{[%evp 15,119,4,0,-1,0,0,0,-29,-20,-26,-25,-35,-29,-46,-19,-43,-64,-64,-56,-70,-70,-81,-84,-76,11,27,47,44,39,36,72,62,54,43,49,47,59,62,60,72,75,51,62,42,47,22,20,14,25,8,34,20,68,68,54,51,75,14,16,13,16,11,18,12,62,58,61,27,84,84,84,84,216,216,216,216,216,209,208,201,208,208,208,182,182,182,467,458,454,447,389,371,29967,29968,29966,29967,29968,29970,29974,29974,29974,29972,29971,29969,29987,29988]} 1. e4 e5 2. Nc3 Nf6 3. Bc4 Nc6 4. d3 Bb4 5. Nge2 d5 6. exd5 Nxd5 7. O-O Be6 8. Bxd5 Bxd5 9. f4 {C28: Vienna Game: 2...Nf6 3 Bc4 Nc6.} f6 10. fxe5 Nxe5 {[#]} 11. Nf4 $5 $146 {[%mdl 8] The position is equal. An interesting novelty.} ({Predecessor:} 11. Nxd5 Qxd5 12. Nf4 Qf7 13. c3 Bd6 14. d4 O-O-O 15. Qa4 a6 16. dxe5 Bc5+ 17. Kh1 fxe5 {½-½ (79) Mons,L (2554)-Ragger,M (2701) Austria 2019}) 11... Bxc3 12. bxc3 O-O 13. c4 Bf7 {[#] Threatens to win with ...Qd4+.} 14. Rb1 b6 15. Qe1 Re8 {White must now prevent ...Nf3+!} 16. Qg3 Qd7 17. h3 Qa4 18. Rb3 Qxa2 19. Ne2 {Strongly threatening Ra3.} Qa4 ({Avoid the trap} 19... Qxc2 $2 20. Nd4 $18) ({Better is} 19... Bg6 $17 {...Nxd3 is the strong threat.} 20. Nd4 Qa5) 20. Rxf6 $1 $11 Qd7 21. Rf2 Ng6 22. Bb2 Qd6 23. Qxd6 ({But not} 23. Qf3 Be6 $11) 23... cxd6 24. Ng3 Be6 25. Nh5 Ne5 26. Rb5 Bf7 27. Ng3 Bg6 28. Rd5 Rad8 29. Bc3 h6 30. Rf1 Nc6 31. h4 Rf8 32. Re1 Bf7 (32... Rf4 {is interesting.} 33. Nh5 Rf7 34. Rb5 Rdd7 35. Ng3 Rf4) 33. Rb5 Rfe8 34. Rxe8+ $1 Bxe8 35. Nf5 Rd7 36. Rd5 (36. g4 $16) 36... Ne7 37. Nxe7+ Rxe7 38. Rxd6 {[%mdl 4096] Endgame KRB-KRB} Ba4 39. Bb4 Rf7 40. c3 Rd7 41. c5 bxc5 (41... Rxd6 $11 42. cxd6 a5) 42. Rxd7 $16 Bxd7 43. Bxc5 $11 {KB-KB} a5 {This move loses the game for Black.} (43... Bf5 $16 {is a better defense.}) 44. Kf2 $18 Kf7 45. Ke3 Ke6 46. c4 Bc6 {[#]} 47. g3 $1 Bg2 48. Bf8 Kf7 49. Ba3 Bf1 50. Kd4 g5 $2 (50... Ke6 {was worth a try.} 51. Kc3 h5) 51. hxg5 hxg5 52. Kc3 Ke6 53. d4 g4 $2 (53... Kd7 $18 54. d5 a4) 54. Bc1 {White mates.} a4 55. d5+ Kd6 56. Kd4 Bg2 57. c5+ Kc7 58. Ke5 Bf3 59. Ke6 Bg2 60. d6+ {Accuracy: White = 90%, Black = 64%.} 1-0

[Event "FIDE Chesscom Online Nations Cup"]
[Site "Online"]
[Date "2020.05.08"]
[Round "7"]
[White "Harikrishna, Pentala"]
[Black "Cori, Jorge"]
[Result "1-0"]
[WhiteElo "2690"]
[BlackElo "2599"]
[Annotator "TA"]
[PlyCount "61"]
[EventDate "2020.05.05"]
[EventType "team-tourn"]
[SourceTitle "playchess.com"]
[Source "ChessBase"]
[SourceQuality "1"]
[WhiteTeam "India"]
[BlackTeam "World"]
[WhiteTeamCountry "IND"]
[BlackTeamCountry "PER"]

{[%evp 24,61,20,20,19,27,21,18,43,51,40,47,52,14,74,59,58,47,76,21,41,0,0,0,43,45,73,71,181,188,185,173,225,272,574,555,557,379,759,737]} 1. e4 c5 2. Nf3 Nc6 3. d4 cxd4 4. Nxd4 e5 5. Nb5 d6 6. N1c3 a6 7. Na3 b5 8. Nd5 Nf6 9. Bg5 Be7 10. Bxf6 Bxf6 11. c4 b4 12. Nc2 Rb8 13. b3 a5 {B33: Sicilian: Pelikan and Sveshnikov Variations.} 14. g3 O-O 15. Bg2 g6 {The position is equal.} 16. Nxf6+ Qxf6 17. O-O Qe7 {[#]} 18. Qe2 $146 ({Predecessor:} 18. Qd3 Bb7 19. Rfd1 Rbd8 20. a3 bxa3 21. Nxa3 f5 22. Nb5 Nb4 23. Qe2 fxe4 24. Bxe4 Bxe4 25. Qxe4 {1-0 (38) Balogh,C (2616)-Mamedov,R (2566) Moscow 2007}) 18... Be6 (18... Nd8 $11) 19. Rad1 f6 20. Rd3 Nd8 21. Rfd1 (21. f4 $16) 21... Nb7 22. h4 Rfd8 23. Qd2 Kg7 24. Ne3 Rd7 25. f4 Rbd8 (25... Kh8 $16 {is a better defense.}) 26. f5 $18 Bg8 27. fxg6 {[#] Threatens to win with Nf5+.} hxg6 (27... Be6 $142 28. gxh7 Nc5) 28. Ng4 Bh7 $2 (28... Kh8 {is a better chance.} 29. Rf3 Qg7 30. Nxf6 Rf7) 29. Rf3 Rf8 30. Qh6+ Kh8 $2 {[#]} (30... Kg8 31. Rdf1 Qg7 32. Nxf6+ Rxf6 33. Qxg7+ Kxg7) 31. Nxe5 $1 {[%mdl 576] Pin. Accuracy: White = 72%, Black = 39%.} 1-0

[Event "FIDE Chesscom Online Nations Cup"]
[Site "Online"]
[Date "2020.05.08"]
[Round "7"]
[White "Muzychuk, Anna"]
[Black "Ju, Wenjun"]
[Result "1/2-1/2"]
[WhiteElo "2533"]
[BlackElo "2610"]
[Annotator "TA"]
[PlyCount "72"]
[EventDate "2020.05.05"]
[EventType "team-tourn"]
[SourceTitle "playchess.com"]
[Source "ChessBase"]
[SourceQuality "1"]
[WhiteTeam "Europe"]
[BlackTeam "China"]
[WhiteTeamCountry "UKR"]
[BlackTeamCountry "CHN"]

{[%evp 14,72,8,3,9,10,8,12,4,-2,40,49,31,22,43,52,40,27,73,68,77,85,70,9,11,11,11,12,13,9,6,9,14,0,0,0,0,0,0,0,0,0,0,-16,-3,-41,-35,-29,0,0,0,-6,0,0,0,0,0,0,0,0,0]} 1. e4 e5 2. Nf3 Nf6 3. Nxe5 d6 4. Nf3 Nxe4 5. d3 Nf6 6. d4 d5 7. Bd3 Bd6 8. Qe2+ Be6 {C01: French: Exchange Variation.} 9. Ng5 Qe7 10. Nxe6 fxe6 11. f4 c5 {[#]} 12. dxc5 $146 ({Predecessor:} 12. c3 O-O 13. O-O cxd4 14. cxd4 Nc6 15. Be3 Bc7 16. Nd2 Bb6 17. Nf3 Ne4 18. Kh1 {1-0 (25) Wiedenkeller,M (2260)-Schneider,L (2450) Skien 1980}) 12... Bxc5 13. Nd2 Nc6 14. Nf3 O-O 15. Bd2 Nb4 16. Bxb4 Bxb4+ 17. c3 Bd6 18. O-O (18. g3 $1 $14) 18... Bxf4 $11 19. Nd4 Bc7 20. Nxe6 Rfe8 {[#] And now ...Qd6 would win.} 21. Nxc7 Qxc7 22. Qf2 b6 {[%cal Bb7b6,Bb6c5,Bc5c4][%mdl 32]} 23. Rae1 Rxe1 24. Qxe1 Re8 25. Qh4 (25. Qf2 {feels hotter.} Qc5 26. h3 Re3 27. Ba6 Re7 28. Bd3) 25... Re3 26. Qd4 Qc5 27. Qxc5 bxc5 {[%mdl 4096] Endgame KRB-KRN} 28. Rd1 Kf7 29. h3 c4 30. Bf1 Re7 31. g4 {The position is equal.} h6 32. Bg2 Re2 33. Bxd5+ Nxd5 34. Rxd5 Rxb2 35. Rd7+ Kf6 36. Rxa7 Rc2 {Accuracy: White = 88%, Black = 83%.} 1/2-1/2